书目信息 |
| 题名: |
琼瑶影视金曲集
|
|
| 作者: | ;中国广播电视出版社 编 | |
| 分册: | ||
| 出版信息: | 北京 中国广播电视出版社 1990.04 |
|
| 页数: | 46页 | |
| 开本: | 19cm | |
| 丛书名: | ||
| 单 册: | ||
| 中图分类: | J642.43 | |
| 科图分类: | ||
| 主题词: | 音乐--作品--中国 | |
| 电子资源: | ||
| ISBN: | 7-5043-0357-7 | |
| 000 | 00651nam0 2200193 45 | |
| 001 | 0405121513 | |
| 005 | 20060515162813.54 | |
| 010 | @a7-5043-0357-7@dCNY1.50 | |
| 100 | @a20040512d1990 km y0chiy0120 ea | |
| 101 | 0 | @achi |
| 200 | 1 | @a琼瑶影视金曲集@AQiong Yao Ying Shi Jin Qu Ji@f中国广播电视出版社编@Fzhong guo guang bo dian shi chu ban she bian |
| 210 | @a北京@c中国广播电视出版社@d1990.04 | |
| 215 | @a46页@d19cm | |
| 300 | @a本歌集均由向忱根据录音记谱整理 | |
| 606 | 0 | @a音乐@x作品@x中国 |
| 690 | @aJ642.43@v3 | |
| 711 | 0 | @a中国广播电视出版社@Azhong guo guang bo dian shi chu ban she@4编 |
| 801 | @aCN@bPftUser@c20060515 | |
| 905 | @dJ642.43@e125 | |
| 琼瑶影视金曲集/中国广播电视出版社编.-北京:中国广播电视出版社,1990.04 |
| 46页;19cm |
| 本歌集均由向忱根据录音记谱整理 |
| ISBN 7-5043-0357-7:CNY1.50 |
| ● |
| 相关链接 |
|
|
|
|
正题名:琼瑶影视金曲集
索取号:J642.43/125
 
预约/预借
| 序号 | 登录号 | 条形码 | 馆藏地/架位号 | 状态 | 备注 |
| 1 | 0250010 | 001203977 | 第一借阅区/ [索取号:J642.43/125] | 在馆 | |
| 2 | 0250011 | 202319473 | 密集书库/ [索取号:J642.43/125] | 在馆 | |
| 3 | 0250012 | 001203986 | 第一借阅区/ [索取号:J642.43/125] | 在馆 | |
| 4 | 0250013 | 202340895 | 密集书库/ [索取号:J642.43/125] | 在馆 | |
| 5 | 0250014 | 001204011 | 第一样本阅览室/ [索取号:J642.43/125] | 在馆 |